000 01375pam a2200337 a 4500
001 dayuniversechang00burk
003 CaSfIA
005 20210118001209.0
007 cr||||
008 850419r1985 maua b 001 0 eng
035 _9(DLC) 85010137
856 4 1 _uhttp://www.archive.org/details/dayuniversechang00burk
_zFree eBook from the Internet Archive
856 4 2 _uhttp://www.openlibrary.org/books/OL3029598M
_zAdditional information and access via Open Library
010 _a 85010137
020 _a0316116955 :
_c$27.50
040 _aDLC
_cDLC
_dDLC
_dCaSfIA
050 0 0 _aQ125
_b.B947 1985
082 0 0 _a509
_219
100 1 _aBurke, James,
_d1936-
245 1 4 _aThe day the universe changed /
_h[electronic resource]
_cJames Burke.
250 _a1st American ed.
260 _aBoston :
_bLittle, Brown,
_cc1985.
300 _a352 p. :
_bill. (some col.) ;
_c26 cm.
504 _aBibliography: p. 339-343.
500 _aIncludes index.
650 0 _aScience
_xHistory.
650 0 _aTechnology
_xHistory.
942 _cEB
506 _fНеобхідна авторизація на https://archive.org/ (створення облікового запису безкоштовно)
506 _fНеобхідна авторизація на https://openlibrary.org/ (створення облікового запису безкоштовно)
999 _c486916
_d486916